00330nam a2200121Ia 4500008004100000020001800041041000800059082001100067100001500078245006700093260003900160300000900199230418s9999 xx 000 0 und d a81-8371-049-2 aeng a623DON aDongre A P aStructural Engineering For Architecture. .-2nd .-81-8371-049-2 bScitech Publication, Chennaic2006 a650p